000
00329pab a2200145 454500
008
180718b1995 xxu||||| |||| 00| 0 eng d
100
_a
Ghate, Prabhu
245
_a
Roads
_b
to BOT or not to BOT.
260
_c
1995
300
_a
p.8
362
_a
22 May
650
_a
Roads - India
773
_a
Economic Times
909
_a
28975
999
_c
28975
_d
28975